[Event "Open A"]
[Site "Moscow RUS"]
[Date "2009.02.03"]
[Round "4"]
[White "Nikolenko, O."]
[Black "Inarkiev, E."]
[Result "0-1"]
[WhiteElo "2511"]
[BlackElo "2656"]
[PlyCount "152"]
[EventDate "2009.01.31"]
[SourceDate "1999.07.01"]

1. e4 c5 2. Nf3 Nc6 3. Bb5 d6 4. Bxc6+ bxc6 5. O-O Bg4 6. h3 Bh5 7. e5 dxe5 8.
g4 e4 9. gxh5 exf3 10. Nc3 Nf6 11. Qxf3 Qd7 12. d3 g6 13. h6 g5 14. Re1 O-O-O
15. Ne4 Rg8 16. Kf1 Qd5 17. c4 Qxd3+ 18. Qxd3 Rxd3 19. Nxg5 Bxh6 20. Nxh7 Rxh3
21. Bxh6 Rh1+ 22. Ke2 Rxh6 23. Nxf6 Rxf6 24. Rg1 Rd8 25. Rg3 Rd4 26. Rc1 Re6+
27. Re3 Kd7 28. Rcc3 a5 29. b3 Red6 30. Rc2 f6 31. Rh3 Re6+ 32. Re3 Kd6 33.
Rxe6+ Kxe6 34. Rc3 Re4+ 35. Kd2 Kf5 36. Rh3 Kf4 37. Rh5 f5 38. Rh3 Re6 39. Rg3
Rh6 40. Ke2 Rh1 41. Rf3+ Ke5 42. Re3+ Kf6 43. Rd3 Rc1 44. a4 Rc2+ 45. Ke3 Rb2
46. f4 Rh2 47. Rd8 Rh3+ 48. Ke2 Rxb3 49. Rc8 Rb6 50. Kd3 e6 51. Kc3 Ke7 52. Ra8
Rb1 53. Rxa5 Rc1+ 54. Kd3 Rf1 55. Ke3 Re1+ 56. Kf3 Kd6 57. Ra8 Rc1 58. Rd8+ Kc7
59. Rd3 Rxc4 60. Re3 Rxa4 61. Rxe6 Rd4 62. Re5 Rd5 63. Re1 Rd3+ 64. Ke2 Rd4 65.
Rc1 Kd6 66. Ke3 Kd5 67. Rg1 c4 68. Rg5 Rd3+ 69. Ke2 Ke4 70. Rg6 c5 71. Rc6 Rd5
72. Ra6 c3 73. Ra4+ Rd4 74. Ra5 Rd2+ 75. Ke1 Rd5 76. Ke2 c2 0-1

[Event "Open A"]
[Site "Moscow RUS"]
[Date "2009.02.03"]
[Round "4"]
[White "Ponkratov, P."]
[Black "Bocharov, D."]
[Result "1-0"]
[WhiteElo "2558"]
[BlackElo "2647"]
[PlyCount "75"]
[EventDate "2009.01.31"]
[SourceDate "1999.07.01"]

1. e4 c5 2. Nf3 Nc6 3. d4 cxd4 4. Nxd4 Nf6 5. Nc3 d6 6. Be2 e5 7. Nb3 Be7 8.
O-O O-O 9. f4 a5 10. a4 Nb4 11. Be3 Be6 12. Kh1 Rc8 13. f5 Bd7 14. Bg5 Bc6 15.
Bf3 b6 16. Qe2 Bb7 17. Rfd1 h6 18. Be3 d5 19. exd5 e4 20. Bxe4 Re8 21. d6 Nxe4
22. d7 Bf6 23. Bxb6 Qxb6 24. Nxe4 Bxe4 25. Qxe4 Qb8 26. dxe8=Q+ Rxe8 27. Qc4
Rc8 28. Qb5 Qf4 29. Rf1 Qg4 30. c3 Nc2 31. Rac1 Ne3 32. Qb7 Kh7 33. Qf3 Qg5 34.
Rfe1 Nc4 35. Qe2 Be5 36. Nd2 Bf4 37. Nf3 Qxf5 38. Rcd1 1-0

[Event "Open A"]
[Site "Moscow RUS"]
[Date "2009.02.05"]
[Round "6"]
[White "Nepomniachtchi, I."]
[Black "Tiviakov, S."]
[Result "1/2-1/2"]
[WhiteElo "2628"]
[BlackElo "2684"]
[PlyCount "131"]
[EventDate "2009.01.31"]
[SourceDate "1999.07.01"]

1. e4 c5 2. Nf3 Nc6 3. d4 cxd4 4. Nxd4 g6 5. c4 Nf6 6. Nc3 Nxd4 7. Qxd4 d6 8.
Bg5 Bg7 9. Be2 O-O 10. Qd2 a5 11. Rd1 Be6 12. O-O Nd7 13. Nb5 Nc5 14. Qe3 f6
15. Bf4 Re8 16. Bg3 Bf7 17. b3 Qc8 18. h3 Rd8 19. f4 Nd7 20. Bf2 Ra6 21. Nc3
Rc6 22. Qd2 Qa8 23. Bf3 Rcc8 24. Nd5 Re8 25. Bg4 e6 26. Nc3 Bf8 27. Nb5 Nc5 28.
Qc2 Qa6 29. Bd4 f5 30. exf5 exf5 31. Ba1 Ne6 32. Bxf5 gxf5 33. Qxf5 d5 34. Qxd5
Ng7 35. Qf3 Qc6 36. Qf2 Bc5 37. Bd4 Nf5 38. Bxc5 Qxc5 39. Qxc5 Rxc5 40. Rfe1
Rxe1+ 41. Rxe1 h5 42. g4 hxg4 43. hxg4 Nh6 44. g5 Nf5 45. Kf2 Kf8 46. Nc3 Ng7
47. Ne4 Rc6 48. Nf6 a4 49. Nd7+ Kg8 50. Re7 axb3 51. axb3 Nf5 52. Re5 Nd4 53.
f5 Nxb3 54. g6 Bxg6 55. fxg6 Rxg6 56. Re8+ Kf7 57. Rb8 Rd6 58. Rxb7 Na5 59. Ra7
Nc6 60. Rc7 Ke8 61. Nc5 Ne5 62. Rc8+ Rd8 63. Rc7 Nxc4 64. Kf3 Rd4 65. Ne6 Ne5+
66. Ke3 1/2-1/2

[Event "Open A"]
[Site "Moscow RUS"]
[Date "2009.02.05"]
[Round "6"]
[White "Inarkiev, E."]
[Black "Kurnosov, I."]
[Result "1-0"]
[WhiteElo "2656"]
[BlackElo "2602"]
[PlyCount "91"]
[EventDate "2009.01.31"]
[SourceDate "1999.07.01"]

1. e4 c5 2. Nf3 Nc6 3. d4 cxd4 4. Nxd4 e6 5. Nc3 Qc7 6. Be3 Nf6 7. f4 Bb4 8.
Ndb5 Qa5 9. e5 Nd5 10. Bd2 Nxc3 11. Bxc3 Bxc3+ 12. Nxc3 O-O 13. Qd6 f6 14. exf6
Qb4 15. O-O-O Qxd6 16. Rxd6 gxf6 17. Bc4 Kf7 18. Rhd1 Ke7 19. Ne4 Rd8 20. g4 a6
21. Bb3 Rg8 22. Nc5 Rd8 23. f5 Rb8 24. c3 b6 25. Ne4 Na5 26. g5 Nxb3+ 27. axb3
fxg5 28. fxe6 h6 29. Ng3 Rf8 30. exd7 Bb7 31. Rxb6 Kd8 32. b4 Kc7 33. Rxh6 Rh8
34. Nf5 Be4 35. Rxh8 Rxh8 36. d8=Q+ Rxd8 37. Rxd8 Kxd8 38. Ng3 Bg6 39. Kd2 Kd7
40. Ke3 Kc6 41. Ne4 g4 42. Nf6 Bf5 43. Kf4 Be6 44. Nxg4 Kb5 45. Ne5 Ka4 46. Ke4
1-0

[Event "Open A"]
[Site "Moscow RUS"]
[Date "2009.02.05"]
[Round "6"]
[White "Timofeev, Arty"]
[Black "Smirnov, P."]
[Result "1-0"]
[WhiteElo "2671"]
[BlackElo "2579"]
[PlyCount "83"]
[EventDate "2009.01.31"]
[SourceDate "1999.07.01"]

1. e4 c5 2. Nf3 Nc6 3. d4 cxd4 4. Nxd4 Nf6 5. Nc3 e5 6. Ndb5 d6 7. Bg5 a6 8.
Na3 b5 9. Nd5 Be7 10. Bxf6 Bxf6 11. c4 b4 12. Nc2 O-O 13. Be2 a5 14. O-O Bg5
15. Qd3 Be6 16. Rfd1 Bxd5 17. cxd5 Nb8 18. Ne3 Nd7 19. Rac1 Nc5 20. Rxc5 Bxe3
21. Qxe3 dxc5 22. d6 Qb6 23. Bc4 Rad8 24. Qd3 Kh8 25. h4 Rd7 26. Bb5 c4 27. Qd5
Rdd8 28. Qxe5 c3 29. bxc3 f6 30. Qd5 bxc3 31. d7 a4 32. Bxa4 Qb2 33. Qc4 Rb8
34. g3 Rfd8 35. Bb3 Ra8 36. h5 h6 37. Kg2 Rf8 38. Rd3 Rad8 39. Qc5 Qe2 40.
Qxf8+ Rxf8 41. d8=Q Qxe4+ 42. Kh2 1-0

[Event "Open A"]
[Site "Moscow RUS"]
[Date "2009.02.05"]
[Round "6"]
[White "Iordachescu, V."]
[Black "Kuzubov, Y."]
[Result "1-0"]
[WhiteElo "2584"]
[BlackElo "2626"]
[PlyCount "99"]
[EventDate "2009.01.31"]
[SourceDate "1999.07.01"]

1. e4 c5 2. Nf3 Nc6 3. Bb5 d6 4. O-O Nf6 5. Re1 Bd7 6. h3 e6 7. c3 Be7 8. d4
cxd4 9. cxd4 d5 10. e5 Ne4 11. Bf1 Rc8 12. Nbd2 Nxd2 13. Bxd2 O-O 14. Bd3 Qb6
15. Bc3 Na5 16. Nh2 Bb5 17. Bc2 Nc4 18. a4 Bc6 19. a5 Qd8 20. Ng4 Bb5 21. h4
Na3 22. Bb3 Ba6 23. Re3 Nb5 24. Bc2 Nxc3 25. bxc3 Kh8 26. Bb1 Rc6 27. h5 f5 28.
exf6 gxf6 29. Qe1 Qc8 30. Bc2 e5 31. f3 e4 32. fxe4 Qxg4 33. exd5 Rg8 34. Bg6
hxg6 35. dxc6 gxh5 36. Qf2 Bd8 37. Rae1 Qg6 38. Rh3 bxc6 39. Qf3 Bc4 40. Qxh5+
Kg7 41. Qxg6+ Kxg6 42. Rg3+ Kh7 43. Rh3+ Kg7 44. a6 Bb6 45. Re7+ Kf8 46. Rhh7
Bd5 47. Rb7 Rxg2+ 48. Kf1 Kg8 49. Rhd7 Kh8 50. Rxd5 1-0

[Event "Open A"]
[Site "Moscow RUS"]
[Date "2009.02.05"]
[Round "6"]
[White "Zherebukh, Y."]
[Black "Guseinov, G."]
[Result "1/2-1/2"]
[WhiteElo "2558"]
[BlackElo "2661"]
[PlyCount "180"]
[EventDate "2009.01.31"]
[SourceDate "1999.07.01"]

1. e4 c5 2. Nf3 Nc6 3. Bb5 g6 4. O-O Bg7 5. Bxc6 dxc6 6. d3 Bg4 7. h3 Bxf3 8.
Qxf3 Nf6 9. Nd2 Nd7 10. Qg3 e5 11. a4 O-O 12. Nc4 Qe7 13. Bd2 Qe6 14. Rfe1 b6
15. Bc3 a6 16. Qg4 Qe7 17. Bd2 h5 18. Qg5 Qe6 19. Qe3 b5 20. Na5 Rfb8 21. c4
Bf8 22. axb5 axb5 23. Reb1 Be7 24. Bc3 Qd6 25. Nb3 Nf8 26. Rxa8 Rxa8 27. Nc1
Ne6 28. cxb5 Bg5 29. Qe1 cxb5 30. b4 cxb4 31. Bxb4 Qd7 32. Bd2 Bf6 33. Be3 Rc8
34. Qd2 Be7 35. Qb2 Nf4 36. Qxb5 Qe6 37. Bxf4 exf4 38. Ne2 Bd6 39. Nd4 Qa2 40.
Rf1 Bc5 41. Nf3 Qa7 42. Qb2 Rb8 43. Qd2 Rd8 44. Rd1 Qa4 45. Rc1 Qa7 46. e5 Rd5
47. Re1 Qb6 48. Rd1 Bd4 49. Re1 Qb2 50. e6 Qxd2 51. Nxd2 fxe6 52. Rxe6 Kf7 53.
Re4 Be5 54. Nf3 Bc7 55. Rc4 Bb8 56. d4 Rb5 57. Kf1 Rb1+ 58. Ke2 Rb2+ 59. Ke1
Bd6 60. d5 Rb5 61. Rd4 Kf6 62. Ke2 g5 63. Nd2 Be5 64. Rd3 Ke7 65. Kf3 Rb4 66.
Ke2 g4 67. hxg4 hxg4 68. f3 g3 69. Ne4 Bd6 70. Rd2 Rb5 71. Kd1 Be5 72. Kc2 Rb2+
73. Kd3 Rb4 74. Ke2 Rb5 75. Rd3 Bd6 76. Rd4 Rb2+ 77. Rd2 Rb5 78. Kd3 Rb3+ 79.
Kc4 Rb4+ 80. Kc3 Ra4 81. Rc2 Kd7 82. Kd3 Ra3+ 83. Rc3 Ra2 84. Rc2 Ra3+ 85. Ke2
Re3+ 86. Kd1 Rd3+ 87. Rd2 Ra3 88. Rb2 Be5 89. Rc2 Bd6 90. Rb2 Be5 1/2-1/2

[Event "Open A"]
[Site "Moscow RUS"]
[Date "2009.02.05"]
[Round "6"]
[White "Amonatov, F."]
[Black "Zinchenko, Ya"]
[Result "1/2-1/2"]
[WhiteElo "2647"]
[BlackElo "2527"]
[PlyCount "121"]
[EventDate "2009.01.31"]
[SourceDate "1999.07.01"]

1. e4 c5 2. Nf3 Nc6 3. d4 cxd4 4. Nxd4 Nf6 5. Nc3 e5 6. Ndb5 d6 7. Bg5 a6 8.
Na3 b5 9. Nd5 Be7 10. Bxf6 Bxf6 11. c4 b4 12. Nc2 a5 13. g3 O-O 14. h4 Be6 15.
Bh3 a4 16. Bxe6 fxe6 17. Ndxb4 Nxb4 18. Nxb4 Qb6 19. Qd2 Be7 20. a3 Rf3 21. c5
Qxc5 22. Rc1 Qb5 23. Qe2 Qxe2+ 24. Kxe2 Raf8 25. Rhf1 d5 26. Nc6 Bd6 27. Rcd1
Rb3 28. Rd2 Rc8 29. Rc1 Kf8 30. Rcc2 Rb6 31. exd5 exd5 32. Nxe5 Rxc2 33. Nd7+
Ke8 34. Nxb6 Rxd2+ 35. Kxd2 Bc5 36. Nxa4 Bxf2 37. h5 Bxg3 38. Nb6 Ke7 39. Nxd5+
Kd6 40. Nc3 Bf4+ 41. Kd3 g6 42. Ne4+ Kc6 43. hxg6 hxg6 44. Kc4 Bc1 45. Kc3 g5
46. Nd2 g4 47. Kc2 Bxb2 48. Kxb2 g3 49. Kc3 g2 50. Nf3 Kb5 51. Kb3 Ka5 52. Ng1
Kb5 53. a4+ Ka5 54. Ne2 Kb6 55. Kb4 Ka6 56. a5 Kb7 57. Kb5 Ka7 58. a6 Kb8 59.
Kb6 Ka8 60. a7 g1=Q+ 61. Nxg1 1/2-1/2

[Event "14th HIT Open"]
[Site "Nova Gorica SLO"]
[Date "2009.02.03"]
[Round "5"]
[White "Sedlak, N."]
[Black "Cebalo, M."]
[Result "1-0"]
[WhiteElo "2592"]
[BlackElo "2509"]
[PlyCount "91"]
[EventDate "2009.01.31"]
[SourceDate "1999.07.01"]

1. e4 c5 2. Nf3 Nc6 3. Bb5 d6 4. O-O Bd7 5. c3 Nf6 6. Re1 a6 7. Bf1 Bg4 8. d3
e6 9. Nbd2 Be7 10. h3 Bh5 11. g4 Bg6 12. Nh4 Nd7 13. Nxg6 hxg6 14. f4 e5 15. f5
Bh4 16. Re3 Qe7 17. Bg2 Bg5 18. Re2 Bf4 19. a3 g5 20. Nf3 Rd8 21. Bxf4 gxf4 22.
g5 f6 23. g6 Nb6 24. Qb3 Qc7 25. Nd2 Rd7 26. Qa2 a5 27. a4 Kd8 28. Rc1 Qb8 29.
Nb1 Ne7 30. Na3 d5 31. Nb5 dxe4 32. dxe4 Qc8 33. Ree1 c4 34. Qa3 Qc6 35. Rcd1
Nec8 36. Bf3 Re8 37. Rxd7+ Nxd7 38. Rd1 Qb6+ 39. Kg2 Re7 40. b4 Ke8 41. Qa2 Qc6
42. bxa5 Nb8 43. Qf2 Rd7 44. Rd5 Rxd5 45. exd5 Qd7 46. Qh4 1-0

[Event "14th HIT Open"]
[Site "Nova Gorica SLO"]
[Date "2009.02.07"]
[Round "9"]
[White "Palac, M."]
[Black "Lenic, L."]
[Result "1/2-1/2"]
[WhiteElo "2553"]
[BlackElo "2548"]
[PlyCount "87"]
[EventDate "2009.01.31"]
[SourceDate "1999.07.01"]

1. e4 c5 2. Nf3 Nc6 3. d4 cxd4 4. Nxd4 Nf6 5. Nc3 e5 6. Ndb5 d6 7. Bg5 a6 8.
Na3 b5 9. Nd5 Be7 10. Bxf6 Bxf6 11. c4 b4 12. Nc2 Rb8 13. b3 Bg5 14. g3 O-O 15.
Bg2 a5 16. O-O Ne7 17. Nxe7+ Qxe7 18. Qd3 Qc7 19. Rfd1 Rd8 20. h4 Be7 21. Ne3
Bb7 22. Qe2 Bf8 23. Nd5 Qc5 24. Rd3 Qa7 25. Bh3 Bc6 26. Rad1 a4 27. Qh5 Bxd5
28. Rxd5 axb3 29. axb3 Be7 30. Qf3 Qa2 31. Bf1 Qa7 32. Bh3 Qa2 33. h5 Ra8 34.
h6 gxh6 35. Rb5 Rdb8 36. Rxb8+ Rxb8 37. c5 Rd8 38. c6 Qc2 39. Bd7 Ra8 40. Qd3
Qxd3 41. Rxd3 Bd8 42. Rxd6 Bc7 43. Rd3 Kf8 44. Kg2 1/2-1/2

[Event "Masters"]
[Site "Bunratty IRL"]
[Date "2009.02.21"]
[Round "4"]
[White "Svidler, P."]
[Black "Wells, P."]
[Result "1-0"]
[WhiteElo "2723"]
[BlackElo "2513"]
[PlyCount "61"]
[EventDate "2009.02.20"]
[SourceDate "1999.07.01"]

1. e4 c5 2. Nf3 Nc6 3. d4 cxd4 4. Nxd4 Nf6 5. Nc3 d6 6. Bg5 e6 7. Qd2 Be7 8.
O-O-O Nxd4 9. Qxd4 O-O 10. f3 a6 11. h4 b5 12. Kb1 Bb7 13. g4 Rc8 14. Bd3 Qc7
15. Qe3 Rfd8 16. Ne2 d5 17. e5 d4 18. Nxd4 Nd5 19. Qe2 Nb4 20. Be4 Bxe4 21.
Qxe4 Qc4 22. Bxe7 Qxa2+ 23. Kc1 Nxc2 24. Nc6 Rd5 25. Rxd5 exd5 26. Qxc2 Qa1+
27. Qb1 Rxc6+ 28. Kd2 Qa5+ 29. Ke2 Qc7 30. Bd6 Qc8 31. Kd2 1-0

[Event "25th Open"]
[Site "Cappelle la Grande FRA"]
[Date "2009.03.02"]
[Round "3"]
[White "Hammer, J."]
[Black "Korobov, A."]
[Result "1/2-1/2"]
[WhiteElo "2532"]
[BlackElo "2613"]
[PlyCount "82"]
[EventDate "2009.02.28"]
[SourceDate "1999.07.01"]

1. e4 c5 2. Nf3 Nc6 3. Bb5 g6 4. Bxc6 dxc6 5. d3 Bg7 6. Nc3 e5 7. Be3 Qe7 8. h3
Nf6 9. Qd2 h6 10. O-O Nd7 11. Nh2 Nf8 12. f4 exf4 13. Bxf4 Ne6 14. Bg3 Nd4 15.
Rae1 O-O 16. e5 Bf5 17. Ne4 Bxe4 18. Rxe4 h5 19. Nf3 Nxf3+ 20. Rxf3 Qe6 21. b3
Rfd8 22. Qe3 b6 23. Bh4 Rd4 24. Bf6 Rxe4 25. Qxe4 Re8 26. Kf2 Qd5 27. Qxd5 cxd5
28. c3 Bxf6 29. exf6 Kh7 30. Re3 Re6 31. Rxe6 fxe6 32. Kg3 e5 33. c4 dxc4 34.
dxc4 g5 35. Kf3 Kg6 36. Ke4 Kxf6 37. g4 hxg4 38. hxg4 Ke6 39. Kd3 a6 40. Ke4 b5
41. a4 bxc4 1/2-1/2

[Event "25th Open"]
[Site "Cappelle la Grande FRA"]
[Date "2009.03.02"]
[Round "4"]
[White "Vovk, Y."]
[Black "Zinchenko, Ya"]
[Result "1-0"]
[WhiteElo "2546"]
[BlackElo "2527"]
[PlyCount "61"]
[EventDate "2009.02.28"]
[SourceDate "1999.07.01"]

1. e4 c5 2. Nf3 Nc6 3. d4 cxd4 4. Nxd4 Nf6 5. Nc3 d6 6. Bc4 Qb6 7. Nxc6 bxc6 8.
O-O g6 9. Qe1 Qc7 10. f4 Bg7 11. e5 Nd5 12. Bxd5 cxd5 13. Be3 Qb7 14. Rd1 dxe5
15. fxe5 O-O 16. Nxd5 Be6 17. c4 Qxb2 18. Nxe7+ Kh8 19. Qh4 h5 20. Rd4 Bxe5 21.
Re4 Rad8 22. Qg5 Bg7 23. Rxe6 Qe2 24. Ref6 Qxc4 25. Rxg6 Qxf1+ 26. Kxf1 fxg6+
27. Ke2 Rf6 28. Nxg6+ Kg8 29. Ne7+ Kf7 30. Nd5 Rfd6 31. Qf5+ 1-0

[Event "25th Open"]
[Site "Cappelle la Grande FRA"]
[Date "2009.03.02"]
[Round "4"]
[White "Dvoirys, S."]
[Black "Kuzubov, Y."]
[Result "1-0"]
[WhiteElo "2547"]
[BlackElo "2626"]
[PlyCount "91"]
[EventDate "2009.02.28"]
[SourceDate "1999.07.01"]

1. e4 c5 2. Nf3 Nc6 3. d4 cxd4 4. Nxd4 g6 5. c4 Nf6 6. Nc3 Nxd4 7. Qxd4 d6 8.
Be3 Bg7 9. f3 O-O 10. Qd2 a5 11. c5 a4 12. a3 Be6 13. cxd6 exd6 14. Bb5 Qa5 15.
O-O Rfc8 16. Qd3 Bb3 17. Bd4 Nh5 18. Bxg7 Nxg7 19. f4 Rc5 20. Kh1 Rd8 21. Qe2
Ne6 22. Bd3 Re8 23. f5 Ng7 24. Qf2 Qd8 25. Qd4 Nh5 26. Nxa4 Bxa4 27. Qxa4 Rce5
28. Bc4 gxf5 29. Qb3 Qf6 30. exf5 Re3 31. Qxb7 R8e4 32. Rac1 Re7 33. Qd5 R7e5
34. Qd2 Kg7 35. Rc3 R3e4 36. Rh3 Rh4 37. Rxh4 Qxh4 38. Qxd6 f6 39. Qd3 Re4 40.
b3 Rg4 41. Qd7+ Kh6 42. Qd2+ Kg7 43. Kg1 Nf4 44. g3 Nh3+ 45. Kh1 Rd4 46. Qe3
1-0

[Event "25th Open"]
[Site "Cappelle la Grande FRA"]
[Date "2009.03.04"]
[Round "6"]
[White "Vokarev, S."]
[Black "Mamedov, Nid"]
[Result "1/2-1/2"]
[WhiteElo "2521"]
[BlackElo "2607"]
[PlyCount "80"]
[EventDate "2009.02.28"]
[SourceDate "1999.07.01"]

1. e4 c5 2. Nf3 Nc6 3. d4 cxd4 4. Nxd4 Nf6 5. Nc3 d6 6. Bg5 e6 7. Qd2 a6 8.
O-O-O Bd7 9. f3 h6 10. Be3 b5 11. Kb1 Ne5 12. a3 Rb8 13. g4 Qc7 14. Be2 d5 15.
exd5 b4 16. axb4 Bxb4 17. Ncb5 axb5 18. Qxb4 Nxd5 19. Qb3 Nc4 20. Bf2 O-O 21.
Bg3 e5 22. Nxb5 Bxb5 23. Rxd5 Ba6 24. Bxc4 Bxc4 25. Qc3 Ba2+ 26. Kxa2 Ra8+ 27.
Kb1 Qxc3 28. bxc3 Rfb8+ 29. Kc1 Ra1+ 30. Kd2 Rxh1 31. Bxe5 Rc8 32. Rd4 Rf1 33.
Ke2 Ra1 34. Kd2 Rf1 35. Ke2 Ra1 36. Kd2 Ra3 37. Rd3 f6 38. Bd6 Ra5 39. Rd4 h5
40. c4 Ra4 1/2-1/2

[Event "25th Open"]
[Site "Cappelle la Grande FRA"]
[Date "2009.03.05"]
[Round "7"]
[White "Degraeve, JM."]
[Black "Gordon, S."]
[Result "1/2-1/2"]
[WhiteElo "2553"]
[BlackElo "2524"]
[PlyCount "111"]
[EventDate "2009.02.28"]
[SourceDate "1999.07.01"]

1. e4 c5 2. Nf3 Nc6 3. Bb5 g6 4. Bxc6 dxc6 5. O-O Bg7 6. Re1 Bg4 7. d3 Nf6 8.
Nbd2 Nd7 9. h3 Bxf3 10. Nxf3 e5 11. Be3 Qe7 12. Qd2 O-O 13. a3 a5 14. a4 b6 15.
Qc1 f5 16. exf5 gxf5 17. Bh6 Rae8 18. Bxg7 Qxg7 19. Qg5 Qxg5 20. Nxg5 Nf6 21.
Nf3 e4 22. Nd2 Re6 23. dxe4 fxe4 24. Ra3 Rfe8 25. Rae3 b5 26. f3 Rd6 27. Nxe4
Nxe4 28. Rxe4 Rxe4 29. Rxe4 Rd2 30. c4 Rxb2 31. cxb5 cxb5 32. Re5 c4 33. axb5
a4 34. Re3 Rb3 35. Kf2 a3 36. Re8+ Kf7 37. Ra8 Rb2+ 38. Ke3 Rxg2 39. Kd4 a2 40.
Kxc4 Rb2 41. Kc5 Ke7 42. Ra7+ Kd8 43. Kc6 Rc2+ 44. Kb6 h5 45. h4 Kc8 46. Ra8+
Kd7 47. Ra3 Kc8 48. Ra8+ Kd7 49. f4 Kd6 50. Ra4 Rc8 51. Kb7 Rc7+ 52. Kb8 Rf7
53. Rxa2 Kc5 54. Rf2 Kxb5 55. f5 Kc6 56. f6 1/2-1/2

[Event "25th Open"]
[Site "Cappelle la Grande FRA"]
[Date "2009.03.06"]
[Round "8"]
[White "Balogh, C."]
[Black "Zinchenko, Ya"]
[Result "1-0"]
[WhiteElo "2605"]
[BlackElo "2527"]
[PlyCount "59"]
[EventDate "2009.02.28"]
[SourceDate "1999.07.01"]

1. e4 c5 2. Nf3 Nc6 3. d4 cxd4 4. Nxd4 Nf6 5. Nc3 e5 6. Ndb5 d6 7. Bg5 a6 8.
Na3 b5 9. Nd5 Be7 10. Bxf6 Bxf6 11. c4 b4 12. Nc2 a5 13. Be2 O-O 14. O-O Bg5
15. Qd3 Be6 16. Rfd1 Qb8 17. b3 Qa7 18. Qg3 Bh6 19. Bg4 Rad8 20. Qh3 Qd7 21.
Bf5 Bxf5 22. exf5 f6 23. Qf3 Kh8 24. Qe4 g6 25. fxg6 f5 26. Qh4 Qg7 27. gxh7
Rd7 28. Rd3 Qg6 29. Rg3 Qe6 30. Rg8+ 1-0

[Event "25th Open"]
[Site "Cappelle la Grande FRA"]
[Date "2009.03.07"]
[Round "9"]
[White "Rozentalis, E."]
[Black "Sveshnikov, E."]
[Result "1/2-1/2"]
[WhiteElo "2590"]
[BlackElo "2535"]
[PlyCount "29"]
[EventDate "2009.02.28"]
[SourceDate "1999.07.01"]

1. e4 c5 2. Nf3 Nc6 3. Bb5 e6 4. O-O Nge7 5. Re1 Nd4 6. Bf1 Nec6 7. c3 Nxf3+ 8.
Qxf3 Be7 9. Na3 O-O 10. Nc2 d6 11. d4 cxd4 12. Nxd4 Nxd4 13. cxd4 d5 14. exd5
exd5 15. Bd3 1/2-1/2

[Event "25th Open"]
[Site "Cappelle la Grande FRA"]
[Date "2009.03.07"]
[Round "9"]
[White "Baramidze, D."]
[Black "Gordon, S."]
[Result "1/2-1/2"]
[WhiteElo "2548"]
[BlackElo "2524"]
[PlyCount "51"]
[EventDate "2009.02.28"]
[SourceDate "1999.07.01"]

1. e4 c5 2. Nf3 Nc6 3. d4 cxd4 4. Nxd4 Nf6 5. Nc3 e5 6. Ndb5 d6 7. Bg5 a6 8.
Na3 b5 9. Nd5 Be7 10. Bxf6 Bxf6 11. c3 Bg5 12. Nc2 Ne7 13. h4 Bh6 14. a4 bxa4
15. Ncb4 O-O 16. Qxa4 Nxd5 17. Nxd5 a5 18. Bb5 Be6 19. Bc6 Rb8 20. b4 axb4 21.
cxb4 Kh8 22. b5 Bxd5 23. Bxd5 Qb6 24. Bc6 Be3 25. fxe3 Qxe3+ 26. Kd1 1/2-1/2

[Event "25th Open"]
[Site "Cappelle la Grande FRA"]
[Date "2009.03.07"]
[Round "9"]
[White "Corrales Jimenez, F."]
[Black "Abergel, T."]
[Result "1-0"]
[WhiteElo "2586"]
[BlackElo "2509"]
[PlyCount "93"]
[EventDate "2009.02.28"]
[SourceDate "1999.07.01"]

1. e4 c5 2. Nf3 Nc6 3. Bb5 g6 4. Bxc6 bxc6 5. O-O Bg7 6. c3 Nh6 7. h3 O-O 8. d4
cxd4 9. cxd4 f6 10. Nc3 Nf7 11. Re1 Rb8 12. b3 d6 13. Bb2 e5 14. Qd2 Rb7 15.
Rad1 Re8 16. Qd3 Rd7 17. dxe5 fxe5 18. Qc4 Rc7 19. Rd3 Be6 20. Qa4 Ree7 21.
Red1 Red7 22. Ba3 d5 23. exd5 cxd5 24. Nxd5 Rb7 25. Nc3 Rxd3 26. Rxd3 Rd7 27.
Rxd7 Qxd7 28. Qxd7 Bxd7 29. Bc5 a6 30. Ne4 Bc6 31. Nfd2 Nd8 32. Be7 Ne6 33. Bf6
Nf4 34. Bxg7 Kxg7 35. g3 Nxh3+ 36. Kh2 Bd7 37. Nc5 Bf5 38. Nde4 a5 39. a3 Kh6
40. b4 axb4 41. axb4 Ng5 42. Nxg5 Kxg5 43. b5 Kg4 44. Kg2 h5 45. f3+ Kg5 46. b6
Bc8 47. b7 1-0

[Event "65th ch-RUS HL"]
[Site "?"]
[Date "2012.??.??"]
[Round "5"]
[White "Ovetchkin, R."]
[Black "Khairullin, I."]
[Result "0-1"]
[WhiteElo "2500"]
[BlackElo "2630"]
[PlyCount "58"]
[EventDate "2012.??.??"]
[SourceDate "1999.07.01"]

1. e4 c5 2. Nf3 Nc6 3. d4 cxd4 4. Nxd4 Nf6 5. Nc3 d6 6. Bg5 Bd7 7. Qd2 Rc8 8.
O-O-O Nxd4 9. Qxd4 Qa5 10. f4 Rxc3 11. bxc3 e5 12. Qb4 Qxb4 13. cxb4 Nxe4 14.
Bh4 g5 15. fxg5 Be7 16. Bc4 h6 17. Rhf1 Be6 18. Bxe6 fxe6 19. c4 Kd7 20. Rde1
d5 21. Rxe4 dxe4 22. Rf7 Ke8 23. g6 Bxh4 24. Rxb7 Rg8 25. g3 Bg5+ 26. Kd1 Rxg6
27. c5 Rf6 28. h4 Be3 29. c6 Kd8 0-1

[Event "4th WGP Kazan"]
[Site "?"]
[Date "2012.??.??"]
[Round "11"]
[White "Kosintseva, N."]
[Black "Muzychuk, A."]
[Result "0-1"]
[WhiteElo "2525"]
[BlackElo "2595"]
[PlyCount "66"]
[EventDate "2012.??.??"]
[SourceDate "1999.07.01"]

1. e4 c5 2. Nf3 Nc6 3. c3 e6 4. d4 d5 5. exd5 exd5 6. Bb5 Bd6 7. O-O Nge7 8.
dxc5 Bxc5 9. Nbd2 O-O 10. Nb3 Bd6 11. Bd3 h6 12. Be3 Nf5 13. Bc5 Re8 14. Bxf5
Bxf5 15. Bxd6 Qxd6 16. Nfd4 Bg6 17. Qd2 Ne5 18. Qf4 Qb6 19. Rae1 Nc4 20. Qc1
Rac8 21. f3 a5 22. a4 Bf5 23. Rxe8+ Rxe8 24. Re1 Rxe1+ 25. Qxe1 Bd7 26. Qa1 Qg6
27. Kf2 Qg5 28. Nc5 Qd2+ 29. Kg3 Bc8 30. Qf1 b6 31. Nd3 Qg5+ 32. Kf2 Qe3+ 33.
Kg3 Nd2 0-1

[Event "3rd Forni di Sopra Open"]
[Site "?"]
[Date "2012.??.??"]
[Round "5"]
[White "Salgado Lopez, I."]
[Black "Tregubov, P."]
[Result "1/2-1/2"]
[WhiteElo "2620"]
[BlackElo "2595"]
[PlyCount "138"]
[EventDate "2012.??.??"]
[SourceDate "1999.07.01"]

1. e4 c5 2. Nf3 Nc6 3. d4 cxd4 4. Nxd4 Nf6 5. Nc3 e6 6. Ndb5 d6 7. Bf4 e5 8.
Bg5 a6 9. Na3 b5 10. Nd5 Be7 11. Bxf6 Bxf6 12. c4 b4 13. Nc2 O-O 14. g3 Bg5 15.
Bg2 a5 16. O-O Be6 17. b3 Qb8 18. Nde3 Rd8 19. Nf5 g6 20. h4 Bf6 21. Nfe3 h5
22. Kh2 Bg7 23. Bh3 Qa7 24. Qe2 Nd4 25. Qd3 Qc5 26. Nxd4 Qxd4 27. Qxd4 exd4 28.
Ng2 Re8 29. Bxe6 fxe6 30. Nf4 Bh6 31. Rad1 e5 32. Nd5 Rf8 33. Rd3 Ra7 34. Kg2
Raf7 35. f3 Kh7 36. Rf2 Kg8 37. Kf1 Kg7 38. Ke2 g5 39. hxg5 Bxg5 40. Rd1 Kg6
41. Rdf1 a4 42. f4 axb3 43. axb3 Ra8 44. Kd3 Ra3 45. f5+ Kh6 46. Rb2 Bd8 47. c5
dxc5 48. Kc4 Kg5 49. Kxc5 Kg4 50. Kd6 Bg5 51. Nxb4 Rb7 52. Nd5 d3 53. f6 d2 54.
Kxe5 Raxb3 55. Rxb3 Rxb3 56. f7 Rf3 57. Rxf3 d1=Q 58. f8=Q Qxf3 59. Qxf3+ Kxf3
60. Kf5 Bd8 61. Nf4 Kxg3 62. Nxh5+ Kh4 63. Nf4 Bc7 64. Nd5 Bb8 65. Nb4 Kg3 66.
Na6 Bd6 67. Ke6 Kf4 68. Kd5 Ke3 69. Kxd6 Kxe4 1/2-1/2

[Event "Moscow Open A 2013"]
[Site "Moscow RUS"]
[Date "2013.02.10"]
[Round "9.6"]
[White "Kovalev, Vl"]
[Black "Guseinov, G."]
[Result "1/2-1/2"]
[WhiteElo "2500"]
[BlackElo "2623"]
[PlyCount "84"]
[EventDate "2013.02.02"]
[SourceDate "1999.07.01"]

1. e4 c5 2. Nf3 Nc6 3. d4 cxd4 4. Nxd4 g6 5. c4 Nf6 6. Nc3 Nxd4 7. Qxd4 d6 8.
Be3 Bg7 9. f3 O-O 10. Qd2 Qa5 11. Be2 Be6 12. Rc1 Rfc8 13. b3 a6 14. Na4 Qxd2+
15. Kxd2 Nd7 16. g4 f5 17. exf5 gxf5 18. h3 Rf8 19. f4 Rad8 20. Nc3 d5 21. cxd5
Nf6 22. Bb6 Nxd5 23. Bxd8 Rxd8 24. Nxd5 Bxd5 25. Rhg1 Bxb3+ 26. Ke1 Bxa2 27.
Rc7 Kf8 28. Rg3 b5 29. Re3 Re8 30. Ra3 Bf7 31. Rxa6 fxg4 32. hxg4 b4 33. g5 Bd4
34. Bc4 Bg6 35. Ke2 Rd8 36. Rb7 Bh5+ 37. Kf1 Be3 38. Ra5 Bg4 39. Rd5 Rc8 40.
Rxb4 Be6 41. Ke2 Bxd5 42. Bxd5 Bc5 1/2-1/2